15 Digits of Pi - Statistics

General Stats
  • This quiz has been taken 134 times
  • The average score is 13 of 15
Answer Stats
Hint Answer % Correct
pi 3.
100%
3
100%
1
98%
1
98%
4
98%
5
94%
5
94%
5
94%
9
92%
9
92%
9
92%
2
84%
6
80%
8
70%
7
62%
No matching quizzes found
Score Distribution
Percent of People with Each Score
Percentile by Number Answered
Your Score History
You have not taken this quiz